00558nam a22001937a 4500003000400000005001700004008004100021020001700062040004200079082002000121100003400141245004700175250001200222260004300234300001900277650002300296651002200319700002300341OSt20231004194638.0220314b |||||||| |||| 00| 0 eng d a978987712227 aAR-BeUNQ/Biblio. ESETcAR-BeUNQeaacr 221aA863b58821 1aLópez, Julíancaut.d1965 aUna muchacha muy bella. cJulián López a1ª.ed. aBuenosAires: bEterna Cadencia, c2021 a160 p.c22 cm. aLiteratura adultos aArgentina2sipnes aLiteratura adultos